000 01211cam a2200313 i 4500
999 _c44622
_d44622
001 44622
003 Mx-PuUPA
005 20191008155858.0
008 140415s1992 sp bd r 000 0 spa d
020 _a8471005344
040 _aMx-PuUPA
_bspa
_cMx-PuUPA
_dMx-PuUPA
_erda
041 0 _aspa
100 1 _98995
_aMaeder, Ernesto J. A.,
_eautor
245 1 0 _aMisiones del Paraguay :
_bconflictos y disolución de la sociedad guaraní 1768-1850 /
_cErnesto J. A. Maeder ; director coordinador, José Andrés-Gallego
264 4 _aMadrid :
_bEditorial MAPFRE,
_c©1992
300 _a298 páginas :
_bmapas, gráficas ;
_c23 cm.
336 _2rdacontent
_atexto
_btxt
337 _2rdamedia
_asin medio
_bn
338 _2rdacarrier
_avolumen
_bnc
490 0 _aColecciones MAPFRE 1492 ;
_vVII.
490 0 _aColección Realidades Americanas ;
_v11
650 4 _aJesuitas
_xMisiones
_zParaguay
_xHistoria
_ySiglo XVIII
650 4 _aJesuitas
_xMisiones
_zParaguay
_xHistoria
_ySiglo XIX
650 4 _aIndios
_zAmérica del Sur
_zParaguay
_xHistoria
_ySiglo 18
700 1 _aAndrés-Gallego, José,
_edirector coordinador
942 _2ddc
_cLI
_h910.9
_iR281